000
00297nam a22001337a 4500
008
260105b ||||| |||| 00| 0 eng d
020
_a
9788804776390
041
_a
ital
080
_a
0001
100
_a
24
101
_a
rom
245
_a
Italo calvino
_c
Furioso Orlando
942
_2
lcc
_c
BK
_e
first
999
_c
60743
_d
60743